| 000 | 01324cam a22003375a 4500 | ||
|---|---|---|---|
| 003 | EG-ScBUE | ||
| 005 | 20220605103130.0 | ||
| 008 | 110920s2011 enka f 000 0 eng d | ||
| 020 | _a0230033180 | ||
| 020 | _a9780230033184 | ||
| 040 |
_aEG-ScBUE _beng _erda _cEG-ScBUE _dEG-ScBUE |
||
| 082 | 0 | 4 |
_a428.24076 _bCLA _222 |
| 100 | 1 |
_aClandfield, Lindsay, _eauthor. _927030 |
|
| 245 | 1 | 0 |
_aGlobal, _pUpper intermediate, _pCoursebook / _cLindsay Clanfield, Rebecca Robb Benne, with additional material by Amanda Jeffries. |
| 264 | 1 |
_aOxford : _bMacmillan Education, _c2011. |
|
| 300 |
_a158 pages : _bcolor illustrations ; _c30 cm. |
||
| 336 |
_2rdacontent _atext _btxt |
||
| 337 |
_2rdamedia _aunmediated _bn |
||
| 338 |
_2rdacarrier _avolume _bnc |
||
| 490 | 0 | _aCommon European framework | |
| 521 | _aGrade level for audience : B2 | ||
| 650 | 7 |
_aEnglish language _vTextbooks for foreign speakers. _2BUEsh _910201 |
|
| 650 | 7 |
_aEnglish language _xStudy and teaching _vTextbooks for foreign speakers. _2BUEsh _912671 |
|
| 650 | 7 |
_a English language _xStudy and teaching _vProblems, exercises, etc. _2BUEsh |
|
| 651 | _2BUEsh | ||
| 653 |
_bHHUUEENN _cAugust2015 _cOctober2018 |
||
| 655 |
_vReading book _934232 |
||
| 700 | 1 |
_aBenne, Rebecca Robb, _eauthor. _927029 |
|
| 700 | 1 |
_aJeffries, Amanda, _eeditor. _927031 |
|
| 942 |
_2ddc _cBB |
||
| 999 |
_c16346 _d16346 |
||